Графы и их применение: Популярная книга для школьников и преподавателей

Dettagli Bibliografici
Autore principale: Березина Л. Ю. Лариса Юрьевна
Riassunto:Настоящая книга на общедоступном уровне знакомит читателя с одним из современных и развивающихся разделов математики — теорией графов и ее приложениями. Предложенные наборы примеров и упражнений наглядно иллюстрируют основные понятия и теоретические положения, дают представления об основных идеях и методах теории графов. Книга адресована школьникам старших классов, проявляющим интерес к современной математике и решению задач нетрадиционными методами, а также — преподавателям для проведения элективных курсов по выбору учащихся, кружковой работы. Она может быть использована студентами и преподавателями учреждений среднего и высшего профессионального образования при изучении начал дискретной математики.
Lingua:russo
Pubblicazione: Москва, Едиториал УРСС, 2009
Edizione:2-е изд., испр. и доп.
Soggetti:
Natura: Libro
KOHA link:https://koha.lib.tpu.ru/cgi-bin/koha/opac-detail.pl?biblionumber=169996

MARC

LEADER 00000nam0a2200000 4500
001 169996
005 20231101222847.0
010 |a 9785397002752 
035 |a (RuTPU)RU\TPU\book\184366 
090 |a 169996 
100 |a 20091119d2009 m y0rusy50 ca 
101 0 |a rus 
102 |a RU 
105 |a a j 001zy 
200 1 |a Графы и их применение  |e Популярная книга для школьников и преподавателей  |f Л. Ю. Березина 
205 |a 2-е изд., испр. и доп. 
210 |a Москва  |c Едиториал УРСС  |d 2009 
215 |a 152 с.  |c ил. 
320 |a Библиогр.: с. 133-138. 
330 |a Настоящая книга на общедоступном уровне знакомит читателя с одним из современных и развивающихся разделов математики — теорией графов и ее приложениями. Предложенные наборы примеров и упражнений наглядно иллюстрируют основные понятия и теоретические положения, дают представления об основных идеях и методах теории графов. Книга адресована школьникам старших классов, проявляющим интерес к современной математике и решению задач нетрадиционными методами, а также — преподавателям для проведения элективных курсов по выбору учащихся, кружковой работы. Она может быть использована студентами и преподавателями учреждений среднего и высшего профессионального образования при изучении начал дискретной математики. 
606 1 |a Графов теория   |2 stltpush  |3 (RuTPU)RU\TPU\subj\8592  |9 35973 
610 1 |a учебные пособия 
610 1 |a графы с цветными ребрами 
610 1 |a ориентированные графы 
610 1 |a математика 
610 1 |a деревья 
610 1 |a сетевое планирование 
610 1 |a сетевое управление 
610 1 |a матрицы 
675 |a 519.17(07)  |v 3 
700 1 |a Березина  |b Л. Ю.  |g Лариса Юрьевна 
801 1 |a RU  |b 63413507  |c 20091119 
801 2 |a RU  |b 63413507  |c 20150507  |g RCR 
942 |c BK